000 00576nam a22001937a 4500
005 20250227122533.0
010 _aENG-143938
020 _c250.00
035 _aEN-127470
037 _bDBAD
082 _a509.2
100 _aLyer Krishna Kolar
_d2023
_qKolar Krishna Lyer
_978760
245 _aGreat Indian Scientists
_henglish
_cLyer Krishna Kolar
260 _aVijaywada
_bNavaratna Book House
_c2023
270 _aSri Chaitanya Offset Printers
_bVijaywada
_e520002
300 _a176p.
_c21 cm(pbk)
700 _976691
942 _2ddc
_cEN
_h509.2
_mLYE
999 _c209778
_d209778